Coat of Arms - North America Countries - Statistics

General Stats
  • This quiz has been taken 11 times
  • The average score is 18 of 23
Answer Stats
Picture Answer % Correct
Dominican Republic
100%
Haiti
100%
Mexico
100%
United States
100%
Belize
88%
El Salvador
88%
Grenada
88%
Guatemala
88%
Nicaragua
88%
Panama
88%
Bahamas
75%
Canada
75%
Costa Rica
75%
Dominica
75%
Jamaica
75%
St. Vincent & the Grenadines
75%
Antigua & Barbuda
63%
Barbados
63%
Cuba
63%
St. Kitts & Nevis
63%
St. Lucia
63%
Trinidad & Tobago
63%
Honduras
50%
No matching quizzes found
Score Distribution
Percent of People with Each Score
Percentile by Number Answered
Your Score History
You have not taken this quiz